| 000 | 00578cam a22001934a 4500 | ||
|---|---|---|---|
| 005 | 20250605164357.0 | ||
| 008 | 250528s ||||||||||||||||||||||||d | ||
| 035 | _a24393 | ||
| 040 |
_aGR-AtMCL _bgre _dGR-AtMCL _eAACR2 |
||
| 245 | 1 | _aStorm Warning / When Will the Internet Tornado Hit You? | |
| 260 | _c1998 | ||
| 300 | _a58 | ||
| 520 | _aNews Analysis, Comment, Strategy Watch, Tech Watch, Facts and Forecasts, The IS Network, End Page. | ||
| 700 | 1 |
_aMacvicar Stephen _99458 |
|
| 700 | 1 |
_aTate Paul _99459 |
|
| 942 | _cCR | ||
| 999 |
_c9280 _d9280 |
||